Hauptstädte und größte Städte (Brandenburg) - Statistiken

Allgemein
  • Dieses Quiz wurde 46 mal gespielt
  • Das Durchschnittsergebnis liegt bei 7 aus 30
Antwortstatistiken
Antwort % Korrekt
Potsdam
100%
Potsdam
94%
Eberswalde
48%
Bernau bei Berlin
39%
Lübben (Spreewald)
32%
Falkensee
26%
Königs Wusterhausen
26%
Oranienburg
26%
Rathenow
26%
Bad Belzig
23%
Luckenwalde
23%
Oranienburg
23%
Prenzlau
23%
Beeskow
19%
Neuruppin
19%
Neuruppin
19%
Finsterwalde
16%
Herzberg (Elster)
16%
Perleberg
16%
Schwedt/Oder
16%
Seelow
16%
Wittenberge
16%
Ludwigsfelde
13%
Senftenberg
13%
Teltow
13%
Forst (Lausitz)
10%
Fürstenwalde/Spree
10%
Senftenberg
10%
Spremberg
10%
Strausberg
10%
Keine übereinstimmenden Quizze gefunden
Verteilung der Resultate
Anzahl Personen mit jedem Resultat
Perzentil nach korrekt beantworteten Fragen
Ihre Resultats-Entwicklung
Sie haben dieses Quiz noch nicht gespielt